[Event "American Continental 09th"]
[Site "Cochabamba"]
[Date "2013.05.15"]
[Round "11"]
[White "Molina, Ruben"]
[Black "Zarate, Ezequiel"]
[Result "0-1"]
[WhiteElo "2030"]
[BlackElo "1745"]
[PlyCount "31"]
[EventDate "2013.05.07"]
[EventType "swiss"]
[EventRounds "11"]
[EventCountry "BOL"]
[SourceTitle "CBM 154 Extra"]
[Source "ChessBase"]
[SourceDate "2013.06.25"]
[SourceVersion "2"]
[SourceVersionDate "2013.06.25"]
[SourceQuality "1"]

1. d4 Nf6 2. c4 e6 3. Nf3 c5 4. Nc3 Be7 5. Bg5 d6 6. e4 e5 7. dxc5 dxc5 8. Qxd8+ Bxd8 9. Nxe5 0-0 10. f3 Re8 11. 0-0-0 Be7 12. Be3 Nbd7 13. Nd3 b6 14. Nf4 Ne5 15. Nfd5 Nxd5 16. Nxd5 0-1